000 00899nam a22002297a 4500
999 _c59317
_d59317
005 20230117114103.0
008 230117s2017ge xxu||||| |||| 00| 0 ger d
020 _a 9783126050289 X
041 _ager
080 _a811.112.1 A-87
245 _a Aspekte neu : Mittelstufe Deutsch
_b Lehr- und Arbeitsbuch Teil 2, B2 /
_cUte Koithan, Helen Schmitz, Tanja Sieber, Ralf Sonntag
264 _aStuttgart :
_bErnst Klett Sprachen,
_c2017.
300 _a200 p.:
_b Illus ;
_c29 cm.
_e+1 CD
653 _a Aspekte neu : Mittelstufe Deutsch Lehr- und Arbeitsbuch Teil 2, B2
653 _aასპექტები ახალი საშუალო გერმანული
653 _aგერმანული ენა
700 _aKoithan, Ute
_916711
700 _aSchmitz, Helen
_916712
700 _aSieber, Tanja
_916713
700 _aSonntag, Ralf
_910081
942 _2udc
_cBK